00374nam a2200145Ia 4500003000400000005001700004008004100021040000700062041000800069082002100077100001400098245006200112260004000174365001400214OSt20230606193005.0210423s2010 xx 000 0 und d cAL aeng a158.3 223bMOOC aMOORE (J) aCounselling and psychotherapy in organisational settings. aSouthernwaybLearning Mattersc2010 b1364cINR